000 00980nam a2200217Ii 4500
003 JO-AjNU
008 230605s9999||||xx |||||||||||||| ||und||
017 _a1995/6/517
040 _aJO-AjNU
_bara
_erda
_cJO-AjNU
041 _aara
050 1 4 _aKMM97.A44.Z59.1995
100 3 _a زيادات، احمد، م.مشاركالعموش، ابراهيم ,
_eauthor
_946988
245 0 0 _aالوجيز في التشريعات التجارية الاردنية : مبادئ القانون التجاري ، الشركات التجارية ، الاوراق التجارية والعمليات المصرفية
250 _aط1
264 3 1 _aعمان : معهد الدراسات المصرفية ، 1995
300 _a374ص
_bيشتمل على مراجع ص ( 367 - 369 )
336 _atext
_btxt
_2rdacontent
337 _aunmediated
_bn
_2rdamedia
338 _avolume
_bnc
_2rdacarrier
650 4 _aالقانون التجاري -- قانون -- شركات تجارية
_946989
999 _aA20481
_c24049
_d24049